Overlord- Les Créateurs connus - Statistiques

Statistiques générales
  • Ce quiz a été pris 6 fois
  • Le résultat moyen est 9 sur 23
Statistiques - réponses
Créateurs de la Guilde d'Ainz Ooal Gown % Correct
Momonga
100%
Peroroncino
75%
Touch Me
75%
Bukubukuchagama
50%
Guerrier Takemikazuchi
50%
Herohero
50%
Nishikienrai
50%
Variable Talisman
50%
Ankoro Mocchi Mochi
25%
Bellriver
25%
Blue Planet
25%
Coup de Grâce
25%
Garnet
25%
Genjiro
25%
Luci★Fer
25%
Nearata
25%
Nubo
25%
Punitto Moe
25%
Shijuten Suzaku
25%
Suratan
25%
Tabula Smaragdina
25%
Ulbert Alain Odle
25%
Yamaiko
25%
Aucun quiz correspondant
Distribution des résultats
% des personnes avec chaque résultat
Percentile par nombre de réponses
Votre historique - résultats
Vous n’avez pas pris ce quiz